Skład Liverpoolu z finału ligi mistrzów 2019 - Statystyki

Ogólne statystyki
  • Ten quiz został rozwiązany 83 razy
  • Średni wynik to 9 z 11
Statystyki odpowiedzi
Pozycja Piłkarz % Poprawnych
PS Mohamed Salah
96%
ŚO Virgil Van Dijk
95%
LS Sadio Mane
93%
N Roberto Firmino
90%
LO Andrew Robertson
88%
ŚP Jordan Henderson
84%
ŚO Joel Matip
71%
BR Alisson Becker
70%
ŚPD Fabinho
68%
ŚP Georginio Wijnaldum
64%
PO Trent Alexader - Arnold
55%
Nie znaleziono quizów pasujących do podanych kryteriów
Rozkład punktacji
Procent ludzi z każdym wynikiem
Percentyl według liczby udzielonych odpowiedzi
Twoja historia wyników
Nie rozwiązałeś tego quizu